15 nazioni più longeve al mondo - Statistics

Statistiche generali
  • Questo quiz è stato fatto 76 volte
  • Il punteggio medio è 11 su 15
Statistiche sulle risposte
CONTINENTE NAZIONE % Corretto
EUROPA SPAGNA
97%
OCEANIA AUSTRALIA
90%
EUROPA FRANCIA
90%
ASIA GIAPPONE
90%
EUROPA ITALIA
87%
EUROPA SVEZIA
84%
EUROPA SVEZIA
84%
EUROPA REGNO UNITO
80%
EUROPA NORVEGIA
75%
EUROPA SVIZZERA
71%
ASIA COREA DEL SUD
49%
EUROPA LUSSEMBURGO
46%
EUROPA ISLANDA
43%
ASIA SINGAPORE
36%
ASIA ISRAELE
30%
Nessun quiz corrispondente trovato
Distribuzione punteggi
Percentuale di utenti per punteggio
Percentile per numero di risposta
I tuoi punteggi nel tempo
Non hai fatto questo quiz